[Event "Open"]
[Site "Oberwart AUT"]
[Date "2002.07.11"]
[Round "7"]
[White "Mahdi,K"]
[Black "Fucak,E"]
[Result "1-0"]
[WhiteElo "2376"]
[BlackElo "2317"]

1.e4 e6 2.d4 d5 3.Nd2 Be7 4.Ngf3 dxe4 5.Nxe4 Nf6 6.Bd3 Nbd7 7.c3 c5 8.O-O cxd4
9.Nxd4 Nc5 10.Nxc5 Bxc5 11.Bg5 Bd7 12.Nf3 Qc7 13.Qe2 Nd5 14.Rad1 Bd6 15.Bb5 Nb6
16.Rd2 h6 17.Bh4 Bc6 18.Rfd1 Bf4 19.Rd4 g5 20.Bg3 Bxg3 21.fxg3 Ke7 22.Bxc6 bxc6
23.Rf1 Nd7 24.Rxd7+ Qxd7 25.Ne5 Qe8 26.Rxf7+ Qxf7 27.Nxf7 Kxf7 28.Qf3+ Ke7
29.Qxc6 Rhf8 30.h4 a5 31.Qc7+ Kf6 32.Qh7 Rh8 33.Qe4 a4 34.h5 Rhb8 35.c4 Ke7
36.c5 Ra5 37.Qh7+ Kd8 38.c6  1-0

[Event "3rd Stage Russian Cup"]
[Site "Tomsk RUS"]
[Date "2002.07.11"]
[Round "4"]
[White "Pridorozhni,A"]
[Black "Akselrod,V"]
[Result "1-0"]
[WhiteElo "2453"]
[BlackElo "2395"]

1.e4 e6 2.d4 d5 3.Nd2 a6 4.Ngf3 c5 5.exd5 exd5 6.dxc5 Bxc5 7.Nb3 Bd6 8.Bd3 Ne7
9.h3 Bf5 10.Bg5 Bxd3 11.Qxd3 Nbc6 12.O-O f6 13.Be3 O-O 14.Rfe1 Rc8 15.c3 Rf7
16.Nc5 Qc7 17.Rad1 Na5 18.Ne6 Qd7 19.Nf4 Bxf4 20.Bxf4 Nc4 21.Re2 b5 22.b3 Nd6
23.Rde1 Nb7 24.b4 Ng6 25.Bg3 Nd8 26.Rd1 Ne6 27.Re3 Rd8 28.a4 Ngf4 29.Bxf4 Nxf4
30.Qd4 g5 31.axb5 axb5 32.Rde1 Rdf8 33.Nd2 Qf5 34.Nb3 Rg7 35.Qd2 g4 36.Nd4 Qg5
37.hxg4 f5 38.Ne6 Nxe6 39.Qxd5 fxg4 40.Qxe6+ Kh8 41.Qe5 Qf5 42.Qxf5 Rxf5
43.Re8+ Rg8 44.R1e5 Rxe8 45.Rxf5 Re1+ 46.Kh2 Rc1 47.Rc5 Kg7 48.Rxb5 Rxc3
49.Rg5+ Kh6 50.Rxg4 Kh5 51.Rg8 Rb3 52.Rb8 Kg4 53.b5 Rb2 54.b6 Kh4 55.b7 Rb1
56.f4 Rb3 57.f5 h5 58.f6 Kg5 59.f7  1-0

[Event "Dutch Open"]
[Site "Dieren NED"]
[Date "2002.07.12"]
[Round "4"]
[White "Hamelink,D"]
[Black "Visser,Y"]
[Result "1-0"]
[WhiteElo "2114"]
[BlackElo "2441"]

1.e4 e6 2.d4 d5 3.Nd2 Be7 4.Bd3 c5 5.dxc5 Nf6 6.Qe2 Nc6 7.Ngf3 O-O 8.e5 Nd7
9.Nb3 Nb4 10.Be3 a5 11.a4 b6 12.cxb6 Nxd3+ 13.cxd3 Bb4+ 14.Nbd2 Ba6 15.O-O Nc5
16.Bxc5 Bxc5 17.b7 Rb8 18.Nb3 Bb4 19.Nfd4 Bxb7 20.Rfc1 Qb6 21.Rc2 f6 22.Rac1 Rbe8
23.Nb5 fxe5 24.Qxe5 Rf5 25.Qc7 Qxc7 26.Rxc7 Rf7 27.Rxf7 Kxf7 28.Nxa5 Rc8
29.Rxc8 Bxc8 30.Nc6 Bf8 31.d4 e5 32.Nxe5+ Ke6 33.f4 Kf5 34.g3 Ke4 35.a5 Bb4
36.Nc6  1-0

[Event "FSIMB July"]
[Site "Budapest HUN"]
[Date "2002.07.13"]
[Round "8"]
[White "Berczes,C"]
[Black "Rendle,T"]
[Result "1-0"]
[WhiteElo "2316"]
[BlackElo "2241"]

1.e4 e6 2.d4 d5 3.Nd2 Be7 4.Bd3 c5 5.dxc5 Nf6 6.Qe2 Nc6 7.Ngf3 Nb4 8.O-O Nxd3
9.cxd3 Bxc5 10.Nb3 Be7 11.Bf4 Qb6 12.Rac1 Qa6 13.e5 Nd7 14.Rc7 Nb8 15.Rxc8+  1-0

[Event "3rd Stage Russian Cup"]
[Site "Tomsk RUS"]
[Date "2002.07.14"]
[Round "7"]
[White "Yandemirov,V"]
[Black "Lavrov,S"]
[Result "1/2-1/2"]
[WhiteElo "2502"]
[BlackElo "2420"]

1.e4 e6 2.d4 d5 3.Nd2 Nc6 4.Ngf3 Nf6 5.e5 Nd7 6.Be2 Be7 7.O-O f6 8.exf6 Bxf6
9.c4 O-O 10.Nb3 Kh8 11.Re1 dxc4 12.Bxc4 e5 13.d5 Nb6 14.dxc6 Qxd1 15.Rxd1 Nxc4
16.cxb7 Bxb7 17.Nc5 Rad8 18.Re1 Bd5 19.Ng5 Rfe8 20.Nge4 Nd6 21.f3 Nxe4 22.Nxe4 Bxe4
23.fxe4 Rd4 24.Be3 Rxe4 25.Rac1 Rxe3 26.Rxe3 Bg5 27.Rec3 Bxc1 28.Rxc1 Re7
29.Kf2 Kg8 30.Ke3 Kf7 31.Rc6 Ke8 32.Ra6 Kd7 33.Rxa7 Re6 34.Ra5 Rg6 35.Rd5+ Ke6
36.Rd2 Rg4 37.b3 c5 38.g3 Rb4 39.Rc2 Kd5 40.Rd2+ Ke6 41.Kd3 h5 42.Kc3 h4
43.a4 hxg3 44.hxg3 Rb6 45.a5 Ra6 46.Ra2 Kd5 47.Kd3 Rg6 48.Ra4 Rxg3+ 49.Kc2 Rf3
50.a6 Rf8 51.b4 cxb4 52.Rxb4 Ra8 53.Ra4 Ra7 54.Kd3 Ke6 55.Ke4 Kd6 56.Ra5 Kc6
57.Rxe5  1/2-1/2

[Event "Richard Aronow Mem"]
[Site "Philadelphia USA"]
[Date "2002.07.15"]
[Round "4"]
[White "Gersov,E"]
[Black "Smith,BG"]
[Result "1/2-1/2"]
[WhiteElo "2351"]
[BlackElo "2412"]

1.e4 e6 2.d4 d5 3.Nd2 Be7 4.c3 c5 5.exd5 cxd4 6.Bb5+ Bd7 7.dxe6 fxe6 8.cxd4 Nf6
9.Bxd7+ Qxd7 10.Ngf3 Nc6 11.Nb3 Rd8 12.Qe2 Bb4+ 13.Bd2 Bxd2+ 14.Qxd2 e5 15.dxe5 Qg4
16.Qe2 Nh5 17.Nfd4 Qg6 18.Ne6 Qxg2 19.Rf1 g6 20.f4 Qxe2+ 21.Kxe2 Rc8 22.Rac1 Ke7
23.Nec5 Rhf8 24.Nd3 Ke6 25.Ke3 Kf5 26.Nbc5 Ne7 27.Nxb7 Nd5+ 28.Kd4 Rxc1 29.Rxc1 Ndxf4
30.Nxf4 Nxf4 31.Nd6+ Ke6 32.Rc8 Ne2+ 33.Ke3 Rxc8 34.Nxc8 Nc1 35.Nxa7 Kxe5
36.Nc6+ Kd5 37.Nb4+ Kc4 38.Kd2 Nb3+ 39.axb3+ Kxb4 40.Ke3 Kxb3 41.Kf4 Kxb2
42.Kg5 Kc3 43.Kh6 Kd4 44.Kxh7 g5 45.Kg6 g4 46.Kf5 Kd5 47.Kxg4 Ke6  1/2-1/2

[Event "TCh-POL Jun"]
[Site "Laczna POL"]
[Date "2002.07.18"]
[Round "6"]
[White "Barglowski,F"]
[Black "Bartel,Mat"]
[Result "0-1"]
[WhiteElo "2250"]
[BlackElo "2418"]

1.e4 e6 2.d4 d5 3.Nd2 Be7 4.Bd3 c5 5.dxc5 Nd7 6.exd5 exd5 7.Nb3 Nxc5 8.Nxc5 Bxc5
9.Ne2 Nf6 10.O-O O-O 11.Bg5 Bg4 12.c3 Re8 13.h3 Bh5 14.Qc2 h6 15.Bh4 g5 16.Bg3 Ne4
17.Kh1 Qb6 18.f3 Nxg3+ 19.Nxg3 Bg6 20.f4 Bxd3 21.Qxd3 Re3 22.Qxd5 Rd8 23.Qf5 Rxg3
24.fxg5 Qc6 25.Qxf7+ Kh8 26.Qf6+ Qxf6 27.gxf6 Rd2 28.Rf5 Bf8  0-1

[Event "Open"]
[Site "Bergen NOR"]
[Date "2002.07.20"]
[Round "1"]
[White "Sander,R"]
[Black "Heim,S"]
[Result "0-1"]
[WhiteElo "2061"]
[BlackElo "2385"]

1.e4 e6 2.d4 d5 3.Nd2 Be7 4.Bd3 c5 5.Ngf3 Nf6 6.exd5 Qxd5 7.Bc4 Qh5 8.Nb3 cxd4
9.Nbxd4 O-O 10.Qe2 Nc6 11.Nxc6 bxc6 12.O-O c5 13.Ne5 Qxe2 14.Bxe2 Bb7 15.Bg5 h6
16.Bh4 g5 17.Bg3 Rad8 18.Rfd1 Kg7 19.Bb5 Ne4 20.Nc6 Bxc6 21.Bxc6 Nxg3 22.hxg3 Bf6
23.c3 Rb8 24.Rd2 Rb6 25.Ba4 Rfb8 26.Bb3 a5 27.Rc1 g4 28.f4 h5 29.Rcc2 Kg6
30.Rd7 a4 31.f5+ Kxf5 32.Rf2+ Kg6 33.Bc2+ Kg7 34.b3 R6b7 35.Rd3 axb3 36.axb3 Rc7
37.Re3 Rd7 38.Kh2 Rbd8 39.Rfe2 Rd2 40.b4 Bxc3 41.bxc5 Rxe2 42.Rxe2 Rc8 43.Kg1 Rxc5  0-1

[Event "24th Politiken Cup"]
[Site "Copenhagen DEN"]
[Date "2002.07.20"]
[Round "6"]
[White "McShane,L"]
[Black "Richards,H"]
[Result "1-0"]
[WhiteElo "2544"]
[BlackElo "2275"]

1.e4 e6 2.d4 d5 3.Nd2 Be7 4.Ngf3 Nf6 5.Bd3 c5 6.exd5 Qxd5 7.dxc5 Nc6 8.O-O O-O
9.Qe2 a5 10.Ne4 Nxe4 11.Bxe4 Qh5 12.Be3 e5 13.Rfd1 Kh8 14.Qc4 Nd8 15.Bd5 Ra6
16.Qe4 Bf6 17.Nd2 Bf5 18.Qc4 g5 19.Ne4 Bxe4 20.Bxe4 Bg7 21.Bf5 Qh6 22.Rd7 Qf6
23.Be4 Nc6 24.Rxb7 Ne7 25.Rxe7  1-0

[Event "CAN&QC Open"]
[Site "Montreal CAN"]
[Date "2002.07.20"]
[Round "9"]
[White "Degraeve,JM"]
[Black "Barsov,A"]
[Result "1/2-1/2"]
[WhiteElo "2586"]
[BlackElo "2550"]

1.e4 e6 2.d4 d5 3.Nd2 Be7 4.Ngf3 Nf6 5.e5 Nfd7 6.c3 c5 7.Bd3 Nc6 8.O-O g5
9.b4 cxd4 10.cxd4 Nxb4 11.Bb1 Nb6 12.Nb3 Nc4 13.Nbd2 Nb6 14.Nb3 Nc4 15.Nbd2  1/2-1/2

[Event "TCh-POL Jun"]
[Site "Laczna POL"]
[Date "2002.07.21"]
[Round "8"]
[White "Gajewski,G"]
[Black "Bartel,Mat"]
[Result "1/2-1/2"]
[WhiteElo "2388"]
[BlackElo "2418"]

1.e4 e6 2.d4 d5 3.Nd2 Be7 4.e5 Nh6 5.Ndf3 Nf5 6.Bd3 Nc6 7.c3 f6 8.exf6 Bxf6
9.Ne2 O-O 10.O-O e5 11.dxe5 Nxe5 12.Nxe5 Bxe5 13.Bf4 Bxf4 14.Nxf4 c6 15.c4  1/2-1/2

[Event "Capital of Siberia Open"]
[Site "Novosibirsk RUS"]
[Date "2002.07.21"]
[Round "3"]
[White "Shushpanov,R"]
[Black "Yudin,S"]
[Result "0-1"]
[WhiteElo "2485"]
[BlackElo "2328"]

1.e4 e6 2.d4 d5 3.Nd2 a6 4.Ngf3 c5 5.exd5 exd5 6.Bd3 c4 7.Be2 Bd6 8.O-O Nc6
9.b3 b5 10.Re1 Nge7 11.Nf1 O-O 12.a4 Be6 13.Ng3 Nf5 14.c3 Na5 15.axb5 axb5
16.bxc4 bxc4 17.Qc2 Nxg3 18.hxg3 Qd7 19.Ne5 Bxe5 20.dxe5 Bf5 21.Qd1 Nb3 22.Rxa8 Rxa8
23.Be3 Ra2 24.Bf1 Bg4 25.Qb1 Qa4 26.f3 Ra1 27.Qxa1 Nxa1 28.fxg4 Nc2 29.Rb1 h6
30.Bf2 Na3 31.Rb8+ Kh7 32.Rb7 Qe8 33.Bd4 Nc2 34.Rc7 Qe6 35.Bc5 Kg6 36.Be2 Qxe5
37.Rc6+ Kh7 38.Bf3 Ne1 39.Bd4 Nxf3+ 40.gxf3 Qxg3+ 41.Kf1 Qxf3+ 42.Ke1 Qxg4
43.Rb6 h5 44.Rb1 h4  0-1

[Event "Macedonian Open"]
[Site "Struga MKD"]
[Date "2002.07.21"]
[Round "2"]
[White "Ilic,Ljubo"]
[Black "Jacimovic,D"]
[Result "0-1"]
[WhiteElo "2312"]
[BlackElo "2469"]

1.e4 e6 2.d4 d5 3.Nd2 Be7 4.Bd3 Nc6 5.c3 dxe4 6.Bxe4 Nf6 7.Bf3 O-O 8.Ne2 e5
9.Bxc6 bxc6 10.O-O Ba6 11.dxe5 Ng4 12.Nd4 Nxe5 13.Re1 Bd6 14.Ne4 Qd7 15.Nc5 Bxc5
16.Rxe5 Bd6 17.Ra5 Bb7 18.Be3 c5 19.Nf3 Qf5 20.Ra4 Bc6 21.Rh4 Rfe8 22.Nd2 Rad8
23.Rh5 Qd3 24.Rh3 Qd5 25.Qf3 Qxf3 26.gxf3 f5 27.f4 g5 28.Nb3 gxf4 29.Bxc5 Re6
30.f3 Bxc5+ 31.Nxc5 Re2 32.Nb3 Rxb2 33.Nd4 Bd5 34.Nxf5 Be6 35.Rh5 Rdd2 36.Nd4 Bxa2
37.Rg5+ Kf7 38.h4 Bb1 39.Rg4 Rd1+  0-1

[Event "Lasker Mem Open"]
[Site "Barlinek POL"]
[Date "2002.07.22"]
[Round "4"]
[White "Sprenger,J"]
[Black "Vysochin,S"]
[Result "1/2-1/2"]
[WhiteElo "2426"]
[BlackElo "2553"]

1.e4 e6 2.d4 d5 3.Nd2 Nc6 4.Ngf3 Nf6 5.e5 Nd7 6.Nb3 a5 7.a4 Be7 8.Bb5 Na7
9.Bd3 b6 10.O-O c5 11.c4 O-O 12.Qe2 Nc6 13.cxd5 exd5 14.e6 c4 15.exd7 Qxd7
16.Bb1 cxb3 17.Qd3 g6 18.Qxb3 Ba6 19.Bd3 Bxd3 20.Qxd3 Nb4 21.Qb3 Rac8 22.Bd2 Qf5
23.Rac1 Rxc1 24.Rxc1 Rc8 25.Rxc8+ Qxc8 26.Bxb4 Bxb4 27.g3 Qf5 28.Ne5 Qe4
29.Qf3 Qxf3 30.Nxf3  1/2-1/2

[Event "Lasker Mem Open"]
[Site "Barlinek POL"]
[Date "2002.07.22"]
[Round "4"]
[White "Tomczak,Raf"]
[Black "Gushpit,I"]
[Result "1-0"]
[WhiteElo "2341"]
[BlackElo "2221"]

1.e4 e6 2.d4 d5 3.Nd2 Nc6 4.Ngf3 Nf6 5.e5 Nd7 6.Bb5 a5 7.O-O Na7 8.Bd3 b5
9.c3 c5 10.Re1 Be7 11.Nf1 c4 12.Bc2 Ba6 13.Ng3 h5 14.Nd2 g6 15.f4 Nf8 16.Nf3 Nc6
17.b3 Rb8 18.bxc4 bxc4 19.Nf1 Kd7 20.Ne3 Kc7 21.Ng5 Qe8 22.Qf3 Nh7 23.Nh3 Bf8
24.f5 gxf5 25.Nf4 Ng5 26.Nexd5+ Kc8 27.Qg3 Ne4 28.Bxe4 fxe4 29.Nf6 Qd8 30.Rxe4 Bb7
31.Qh3 Kc7 32.d5 Nxe5 33.Nxe6+ fxe6 34.Qxe6 Bc5+ 35.Be3 Bxe3+ 36.Rxe3 Nd7
37.d6+ Kc6 38.Qxc4+ Kb6 39.Nxd7+ Qxd7 40.Rb1+ Ka7 41.Qc5+  1-0

[Event "TCh-POL Jun"]
[Site "Laczna POL"]
[Date "2002.07.22"]
[Round "10"]
[White "Czarnota,P"]
[Black "Olszewski,Mi"]
[Result "0-1"]
[WhiteElo "2288"]
[BlackElo "2161"]

1.e4 e6 2.d4 d5 3.Nd2 Be7 4.e5 Nh6 5.Ndf3 c5 6.Bd3 Nc6 7.Bxh6 gxh6 8.dxc5 Bxc5
9.Nh3 Qc7 10.O-O Bd7 11.Re1 O-O-O 12.c3 f6 13.Qe2 Nxe5 14.Nxe5 fxe5 15.Qxe5 Bd6
16.Qe3 Kb8 17.Kh1 e5 18.Rad1 Rhg8 19.Bf1 d4 20.Qxh6 Bc6 21.f3 Rg6 22.Qh5 Qg7
23.cxd4 Rg8 24.Re2 exd4 25.Rc2 Rh6 26.Qf5 Bd7 27.Qd5 Bxh3 28.Qxd4 Qxd4 29.Rxd4 Bf5
30.Bd3 Bxh2 31.Rd5 Bc7+  0-1

[Event "Capital of Siberia Open"]
[Site "Novosibirsk RUS"]
[Date "2002.07.22"]
[Round "4"]
[White "Pak,K"]
[Black "Zhang Yushkov,N"]
[Result "0-1"]
[WhiteElo "2264"]
[BlackElo "2168"]

1.e4 e6 2.d4 d5 3.Nd2 Nc6 4.Ngf3 Nf6 5.e5 Nd7 6.Bb5 f6 7.O-O a6 8.Bxc6 bxc6
9.exf6 Qxf6 10.Re1 Bd6 11.Qe2 Nf8 12.Ne5 Bxe5 13.Qxe5 Qxe5 14.Rxe5 Ng6 15.Re1 Kf7
16.Nf3 h6 17.Bd2 Rb8 18.b3 Re8 19.g3 c5 20.dxc5 e5 21.Bc3 d4 22.Ba5 Re7 23.c3 Bb7
24.Nd2 d3 25.Ne4 Rd8 26.Nd6+ cxd6 27.Bxd8 Rd7 28.Bb6 e4 29.f4 d5 30.Kf2 Ne7
31.a4 Nf5 32.g4 Nh4 33.b4 Bc6 34.h3 g5 35.fxg5 hxg5 36.b5 axb5 37.a5 Ke6
38.Rf1 b4 39.cxb4 d4  0-1

[Event "24th Politiken Cup"]
[Site "Copenhagen DEN"]
[Date "2002.07.23"]
[Round "8"]
[White "Tiviakov,S"]
[Black "Kiriakov,P"]
[Result "1/2-1/2"]
[WhiteElo "2628"]
[BlackElo "2553"]

1.e4 e6 2.d4 d5 3.Nd2 a6 4.Ngf3 c5 5.exd5 exd5 6.dxc5 Bxc5 7.Bd3 Nf6 8.O-O O-O
9.Nb3 Bb6 10.h3 Nc6 11.Re1 h6 12.Be3 Re8 13.Bxb6 Rxe1+ 14.Qxe1 Qxb6 15.c3 Be6
16.Nfd4 Re8 17.Nxc6 Qxc6 18.Nd4 Qb6 19.Qd2 Bd7 20.Rd1 Ba4 21.Rb1 Ne4 22.Qf4 Bd7
23.Bc2 Ng5 24.Qg3 Ne4 25.Qf4 Ng5 26.Qg3 Ne4 27.Qf4  1/2-1/2

[Event "25th Open"]
[Site "Ghent BEL"]
[Date "2002.07.23"]
[Round "7"]
[White "Iuldachev,S"]
[Black "Gurevich,M"]
[Result "1/2-1/2"]
[WhiteElo "2516"]
[BlackElo "2649"]

1.e4 e6 2.d4 d5 3.Nd2 a6 4.Ngf3 c5 5.exd5 exd5 6.dxc5 Bxc5 7.Nb3 Bb6 8.Qe2+ Ne7
9.Be3 Nbc6 10.Bxb6 Qxb6 11.Qe3 Qxe3+ 12.fxe3 O-O 13.Bd3 Nf5 14.Bxf5 Bxf5
15.c3 Rae8 16.Kf2 Be4 17.Rad1 f5 18.Nbd4 Na5 19.b3 Rc8 20.Ne2 Nc6 21.Rd2 Rfe8
22.Rc1 Ne5 23.Nxe5 Rxe5 24.Rd4 Rc6 25.Ng3 Kf7 26.Nxe4 fxe4  1/2-1/2

[Event "KB Czech Open"]
[Site "Pardubice CZE"]
[Date "2002.07.23"]
[Round "5"]
[White "Deviatkin,A"]
[Black "Gutman,G"]
[Result "1/2-1/2"]
[WhiteElo "2414"]
[BlackElo "2518"]

1.e4 e6 2.d4 d5 3.Nd2 a6 4.Bd3 c5 5.c3 cxd4 6.cxd4 dxe4 7.Nxe4 Bb4+ 8.Nc3 Nc6
9.Nf3 Nf6 10.O-O O-O 11.Bg5 Be7 12.Rc1 Nb4 13.Bb1 b5 14.Bxf6 Bxf6 15.Be4 Nd5
16.Qb3  1/2-1/2

[Event "24th Politiken Cup"]
[Site "Copenhagen DEN"]
[Date "2002.07.25"]
[Round "10"]
[White "McShane,L"]
[Black "Hanley,C"]
[Result "1-0"]
[WhiteElo "2544"]
[BlackElo "2331"]

1.e4 e6 2.d4 d5 3.Nd2 Be7 4.Ngf3 Nf6 5.Bd3 c5 6.exd5 exd5 7.dxc5 Bxc5 8.O-O O-O
9.Nb3 Bb6 10.h3 Nc6 11.Re1 h6 12.Be3 Bd7 13.Bxb6 Qxb6 14.c3 Rfe8 15.Qc2 Rac8
16.Rxe8+ Rxe8 17.Nbd4 Nxd4 18.Nxd4 Qd6 19.Rd1 Re5 20.Nf3 Re8 21.Qc1 a6 22.Re1 Rxe1+
23.Qxe1 Qf4 24.Nd4 g6 25.g3 Qd6 26.Kg2 Kg7 27.Qe3 Nh5 28.Be2 Nf6 29.Bf3 Bc8
30.Kh2 h5 31.Kg2 Qd7 32.h4 Qd6 33.Kg1 Be6 34.Bd1 Ne4 35.Bc2 Nf6 36.Ne2 Ng4
37.Qd4+ f6 38.Nf4 Ne5 39.Be4 Bf7 40.Nxd5 Nc6 41.Qd1 Qe5 42.Bg2 b5 43.Ne3 Ne7
44.a4 g5 45.axb5 axb5 46.Qd7 Kf8 47.Qd8+ Be8 48.Bh3 Kf7 49.hxg5 fxg5 50.Bg2 h4
51.gxh4 gxh4 52.Bf3 h3 53.Kh1 Ng6 54.Qc8 Nf4 55.Ng4 Qd6 56.Qf5+ Ke7 57.Qg5+ Kf8
58.Ne5 Ne6 59.Qf6+ Kg8 60.b3 b4 61.Nc4  1-0

[Event "6th Open"]
[Site "Korinthos GRE"]
[Date "2002.07.25"]
[Round "3"]
[White "Kokolias,K"]
[Black "Perunovic,Mio"]
[Result "0-1"]
[WhiteElo "2113"]
[BlackElo "2334"]

1.e4 e6 2.d4 d5 3.Nd2 Be7 4.Ngf3 Nf6 5.e5 Nfd7 6.Bd3 c5 7.c3 Nc6 8.O-O cxd4
9.cxd4 a5 10.a4 b6 11.Bb5 Ndb8 12.Qc2 Bd7 13.Nb1 O-O 14.Bd2 Ra7 15.Bd3 g6
16.Na3 Rc7 17.Nb5 Rc8 18.Qb3 Nb4 19.Bxb4 Bxb4 20.Rac1 Nc6 21.Rc2 f6 22.exf6 Rxf6
23.Be2 Qe7 24.Ne5 Nxe5 25.Rxc8+ Bxc8 26.dxe5 Rf7 27.Bf3 Bd7 28.Qe3 Bc5 29.Qe2 Rf5
30.Re1 Qh4 31.Nc3 Bd4 32.Qd2 Bxe5 33.g3 Qd4 34.Qe2 Bg7 35.Rd1 Qe5 36.Qxe5 Rxe5
37.Bg4 Be8 38.f4 Re3 39.Kf2 d4 40.Nb5 e5 41.fxe5 Bxe5 42.Bf3 Kg7 43.Bd5 Bf6
44.Nxd4 Re5 45.Ne6+ Kh6 46.b3 g5 47.Nc7 Bh5 48.Re1 Rf5+ 49.Kg2 Bd4 50.Rf1 Re5
51.Bf3 Bf7 52.Rd1 Bc5 53.Nd5 g4  0-1

[Event "It"]
[Site "Montreal CAN"]
[Date "2002.07.25"]
[Round "1"]
[White "Kotronias,V"]
[Black "Barsov,A"]
[Result "1-0"]
[WhiteElo "2578"]
[BlackElo "2550"]

1.e4 e6 2.d4 d5 3.Nd2 Be7 4.Bd3 c5 5.dxc5 Nf6 6.Qe2 O-O 7.Ngf3 a5 8.O-O Na6
9.e5 Nd7 10.Nd4 Ndxc5 11.f4 Qb6 12.N2f3 Bd7 13.a3 Ne4 14.Ra2 Nac5 15.Be3 a4
16.Kh1 f6 17.exf6 Bxf6 18.Qe1 Nxd3 19.cxd3 Nc5 20.Ne2 Bb5 21.Qb4 Rfc8 22.Ned4 Nxd3
23.Qxb5 Qxb5 24.Nxb5 Nxb2 25.Bd4 Nd3 26.g3 Ra5 27.Nd6 Rc6 28.Ne8 Kf7 29.Nxf6 gxf6
30.Rb1 b5 31.Rd2 Nc1 32.Bf2 Nb3 33.Rd3 Rc2 34.Kg1 Ra2 35.f5 Ra6 36.fxe6+ Rxe6
37.Rxd5 Ree2 38.Rf1 b4 39.axb4 a3 40.Rd7+ Ke6 41.Ra7 Kd5 42.b5 Ke4 43.Ra4+ Kd3
44.b6  1-0

[Event "It"]
[Site "Montreal CAN"]
[Date "2002.07.27"]
[Round "3"]
[White "Rozentalis,E"]
[Black "Barsov,A"]
[Result "0-1"]
[WhiteElo "2564"]
[BlackElo "2550"]

1.e4 e6 2.d4 d5 3.Nd2 Be7 4.Ngf3 Nf6 5.e5 Nfd7 6.Bd3 c5 7.c3 Nc6 8.O-O g5
9.Bb1 b6 10.Qe2 cxd4 11.cxd4 Nb4 12.Rd1 Ba6 13.Qe3 g4 14.Ne1 Bg5 15.f4 gxf3
16.Qxf3 Rc8 17.Nb3 Rg8 18.a3 Nc6 19.Bxh7 Rh8 20.Bd3 Bc4 21.Bxc4 dxc4 22.Bxg5 Qxg5
23.Rac1 Ke7 24.Rc2 cxb3 25.Rxc6 Rxc6 26.Qxc6 Rxh2 27.Kxh2 Qh5+ 28.Kg3 Qxd1
29.Qe4 f6 30.Nd3 Qc2 31.Qh7+ Kd8 32.Qg8+ Kc7 33.Nf4 Qxb2 34.Nxe6+ Kb7 35.Nd8+ Kc7
36.Ne6+ Kb7 37.Qf7 Qc3+ 38.Kh2 Qc8 39.exf6 b2 40.Qh7 Ka6 41.Qd3+ b5 42.f7 Kb6
43.Nc5 Qh8+ 44.Kg3 Qg7+ 45.Kh3 Qh8+ 46.Kg3 Qg7+ 47.Kh3 Qxf7 48.Qc2 Qh5+ 49.Kg3 Qg5+
50.Kh3 Qe3+ 51.Kh2 Nf6 52.Qf5 Ng4+  0-1

[Event "Capital of Siberia Open"]
[Site "Novosibirsk RUS"]
[Date "2002.07.27"]
[Round "9"]
[White "Aliqogin,J"]
[Black "Zhang Yushkov,N"]
[Result "1-0"]
[WhiteElo "2245"]
[BlackElo "2168"]

1.e4 e6 2.d4 d5 3.Nd2 Nc6 4.Ngf3 Nf6 5.e5 Nd7 6.Nb3 a5 7.a4 b6 8.Bb5 Ncb8
9.O-O c6 10.Bd3 Ba6 11.Ng5 Bxd3 12.Qxd3 Be7 13.f4 c5 14.Qg3 g6 15.c3 Nc6
16.h4 Rg8 17.Be3 h5 18.Qf3 c4 19.Nd2 Rb8 20.f5 gxf5 21.Nxe6 Ndxe5 22.Nxd8 Nxf3+
23.Rxf3 Rxd8 24.Rxf5 Bxh4 25.Raf1 Rd7 26.Rxh5 Bg3 27.Bf4 Bxf4 28.Rxf4 Ne7
29.Rf6 Rb7 30.Rh7 Rf8 31.Nf3 b5 32.Ra6 Nf5 33.Ne5 bxa4 34.Ra8+ Ke7 35.Ng6+ Kf6
36.Nxf8 Rxb2 37.Rxa5 Ne3 38.Ra6+ Kf5 39.Rxf7+ Ke4 40.Re6+ Kd3 41.Rf3 Rxg2+
42.Kh1 Re2 43.Ng6 Kd2 44.Nf4 Re1+ 45.Kh2 a3 46.Rf2+ Kxc3 47.Nxd5+ Kxd4 48.Rd2+ Kc5
49.Nxe3  1-0

[Event "2nd Summer Open"]
[Site "Savaria HUN"]
[Date "2002.07.27"]
[Round "3"]
[White "Amrein,R"]
[Black "Erdos,V"]
[Result "0-1"]
[WhiteElo "2334"]
[BlackElo "2446"]

1.e4 e6 2.d4 d5 3.Nd2 Be7 4.Ngf3 Nf6 5.Bd3 c5 6.exd5 Qxd5 7.Bc4 Qd6 8.dxc5 Qxc5
9.Qe2 O-O 10.O-O Nbd7 11.Rd1 Nb6 12.Bd3 Nbd5 13.Ne4 Qc7 14.Nxf6+ Nxf6 15.Bg5 Bd7
16.Rac1 Rfd8 17.c4 Be8 18.Bb1 Rac8 19.Qc2 Rxd1+ 20.Qxd1 Bc6 21.Rc3 Rd8 22.Qe2 Ng4
23.Bxe7 Bxf3 24.Bxh7+ Kh8  0-1

[Event "2nd Summer Open"]
[Site "Savaria HUN"]
[Date "2002.07.28"]
[Round "4"]
[White "Csonka,A"]
[Black "Berebora,F"]
[Result "1/2-1/2"]
[WhiteElo "2330"]
[BlackElo "2412"]

1.e4 e6 2.d4 d5 3.Nd2 Be7 4.Bd3 c5 5.dxc5 Nf6 6.Qe2 a5 7.Ngf3 O-O 8.O-O Na6
9.c4 Nxc5 10.cxd5 exd5 11.e5 Nfd7 12.Bc2 Re8 13.Nd4 Nf8 14.f4 f6 15.N2f3 Bg4
16.h3 fxe5 17.fxe5 Bh5 18.Qf2 Ne4  1/2-1/2

[Event "ch-GBR"]
[Site "Torquay ENG"]
[Date "2002.07.29"]
[Round "1"]
[White "Ganguly,S"]
[Black "Hanley,C"]
[Result "1-0"]
[WhiteElo "2524"]
[BlackElo "2331"]

1.e4 e6 2.d4 d5 3.Nd2 Be7 4.Bd3 c5 5.dxc5 Nf6 6.Qe2 Nc6 7.Ngf3 Nb4 8.Nb3 Nxd3+
9.cxd3 a5 10.Bg5 a4 11.Nbd2 h6 12.Be3 Qa5 13.O-O Bxc5 14.exd5 Bxe3 15.Nc4 Qa6
16.Qxe3 O-O 17.dxe6 Bxe6 18.Nce5 Rfd8 19.a3 Nd5 20.Qe4 f6 21.Nc4 Bf7 22.Rfe1 b5
23.Ne3 Nxe3 24.Rxe3 Rac8 25.Nd4 Re8 26.Qg4 h5 27.Qg3 Rxe3 28.fxe3 Rc5 29.Rf1 Qc8
30.h4 Kh7 31.e4 Rc1 32.Qf4 Rxf1+ 33.Kxf1 Bg6 34.Qd2 Qg4 35.Nf3 Qe6 36.Qb4 Qc6
37.Qc3 Qe6 38.Kf2 Be8 39.Qc5 Qa2 40.Qc3 Bd7 41.e5 Kg6 42.Qd4 Bf5 43.exf6 gxf6
44.Ng1 Bg4 45.Ne2 Bxe2 46.Kxe2 Qb1 47.Qe4+ Kh6 48.Qe3+ Kg6 49.Qe4+ Kh6 50.Qd4 Qc2+
51.Kf3 Qd1+ 52.Kg3 Kg6 53.Qe4+ Kf7 54.Kh2 Qc1 55.Qe2 Kf8 56.Qf2 Qc7+ 57.g3 Qc6
58.d4 Kf7 59.Qf5 Kg7 60.d5 Qc1 61.Qd7+ Kf8 62.Qxb5 Qd2+ 63.Kh3 Qe1 64.Qb4+  1-0

[Event "2nd Summer Open"]
[Site "Savaria HUN"]
[Date "2002.07.30"]
[Round "7"]
[White "Rigo,Z"]
[Black "Erdos,V"]
[Result "1/2-1/2"]
[WhiteElo "2368"]
[BlackElo "2446"]

1.e4 e6 2.d4 d5 3.Nd2 Be7 4.Ngf3 Nf6 5.Bd3 c5 6.dxc5 dxe4 7.Nxe4 Nxe4 8.Bxe4 Qxd1+
9.Kxd1 Bxc5 10.Ke2 Nd7 11.Bd2 Nf6 12.Bd3 b6 13.Ne5 Bb7 14.f3 Ke7 15.a4 Nd5
16.a5 f6 17.a6 Bc8 18.Nc4 Bd7  1/2-1/2

[Event "ch-IRI"]
[Site "Tehran IRI"]
[Date "2002.07.31"]
[Round "6"]
[White "Darban,M"]
[Black "Roghani,A"]
[Result "1-0"]
[WhiteElo "2263"]
[BlackElo "2294"]

1.e4 e6 2.d4 d5 3.Nd2 a6 4.Bd3 c5 5.dxc5 Bxc5 6.Qe2 Nc6 7.Ngf3 Nf6 8.c3 O-O
9.O-O e5 10.exd5 Nxd5 11.Nb3 Bd6 12.Bxh7+ Kxh7 13.Qe4+ Kg8 14.Qxd5 Qf6 15.Bg5 Qg6
16.Rfe1 Bc7 17.Nc5 Re8 18.Bh4 b6 19.Ne4 Bb7 20.Qd7 Rac8 21.Ng3 Re6 22.Ng5 Nb8
23.Qd1 Rd6 24.Qb1 Qxb1 25.Raxb1 Re8 26.N5e4 Rg6 27.Nf5 Rg4 28.Nf6+ gxf6 29.Nh6+ Kh7
30.Nxg4 Kg6 31.Bxf6 Nd7 32.Bh4 f5 33.Rbd1 Nc5 34.Ne3 Kh5 35.Nxf5 Kg4 36.Ng7  1-0

[Event "ch-GBR"]
[Site "Torquay ENG"]
[Date "2002.08.01"]
[Round "4"]
[White "Turner,M"]
[Black "Richards,H"]
[Result "1-0"]
[WhiteElo "2519"]
[BlackElo "2275"]

1.e4 e6 2.d4 d5 3.Nd2 Be7 4.Ngf3 c5 5.exd5 exd5 6.dxc5 Bxc5 7.Bb5+ Nc6 8.O-O Ne7
9.Nb3 Bb6 10.c4 dxc4 11.Qxd8+ Bxd8 12.Bxc4 Bb6 13.Bf4 O-O 14.Rfe1 Bg4 15.Ng5 Bh5
16.Bd6 Rfe8 17.Nc5 Nf5 18.Rxe8+ Rxe8 19.Nxb7 Na5 20.Bb5 Nxb7 21.Bxe8 Nbxd6
22.Bd7 h6 23.Nh3 g5 24.b4 Bg4 25.a4 Ne4 26.a5 Bd4 27.Ra2 Nc3 28.Rd2 Be5 29.b5 Bxh3
30.b6 a6 31.b7 Nd4 32.Bxh3 Nc6 33.g3 Kf8 34.Bf1 Ke7 35.Bxa6 Nxa5 36.Kg2 g4
37.h3 h5 38.Bb5 f6 39.Rd7+ Ke6 40.Rd8 Nxb7 41.Bc4+ Ke7 42.Rh8 Na5 43.Bd3 gxh3+
44.Kxh3 Kd6 45.f4 Bd4 46.Rxh5 Nc6 47.Kg4 Nd5 48.Kf3 Nc3 49.Bc4 Bb6 50.g4 Nd4+
51.Kg2 Nce2 52.Bxe2 Nxe2 53.Kf3 Nc3 54.Rh6 Bd4 55.g5 Ke6 56.Kg4 Nd5 57.f5+ Ke5
58.g6 Ne3+ 59.Kf3 Nxf5 60.Rh5 Ke6 61.Rxf5 Ke7 62.Kf4 Bb2 63.Rb5 Ba1 64.Rb8 Bc3
65.Kf5 Bd4 66.g7  1-0

[Event "ch-GBR"]
[Site "Torquay ENG"]
[Date "2002.08.05"]
[Round "7"]
[White "White,I"]
[Black "Buckley,M"]
[Result "0-1"]
[WhiteElo "2015"]
[BlackElo "2184"]

1.e4 e6 2.d4 d5 3.Nd2 Be7 4.Bd3 c5 5.dxc5 Nf6 6.Qe2 O-O 7.Ngf3 a5 8.O-O Na6
9.e5 Nd7 10.c4 Ndxc5 11.Bb1 b6 12.cxd5 exd5 13.Nd4 Nb4 14.Rd1 g6 15.N2f3 Qd7
16.Qe3 f5 17.Qh6 Bd8 18.a3 Nba6 19.Ba2 Nc7 20.Bf4 Bb7 21.Ng5 Qg7 22.Ngf3 Qd7
23.Bg5 Qg7 24.Rac1 Bxg5 25.Qxg7+ Kxg7 26.Nxg5 Rfe8 27.f4 h6 28.Ngf3 Re7 29.Rc2 a4
30.Rdc1 N7e6 31.Nxe6+ Nxe6 32.h3 Nxf4 33.Nd4 Rae8 34.Rc7 Nd3 35.R1c3 Nc5
36.Rxe7+ Rxe7 37.Nf3 g5 38.Bb1 Bc8 39.Bc2 Bd7 40.Re3 Ne4 41.g4 fxg4 42.hxg4 Bxg4
43.Bxa4 Bxf3 44.Rxf3 Rxe5 45.Bc6 Nc5 46.b4 Ne6 47.Rd3 Nf4 48.Rd2 g4 49.Kf2 h5
50.Kg3 Ng6 51.Rxd5 Re3+ 52.Kf2 Rf3+ 53.Kg1 Rxa3 54.Rxh5 Kf6 55.Rb5 Ne5 56.Rxb6 Kg5
57.Bd5 Rd3 58.Bb7 Kf4 59.Rf6+ Kg3 60.b5 Rb3 61.Bc6 Rb1+ 62.Rf1 Rb2 63.Rc1 Nf3+
64.Bxf3 gxf3 65.Rd1 Rg2+ 66.Kh1 Rh2+ 67.Kg1  0-1